Flags Of Countries That Border Russia - Statistics

General Stats
  • This quiz has been taken 29 times
  • The average score is 13 of 14
Answer Stats
Picture Answer % Correct
Belarus
100%
Latvia
100%
China
96%
Estonia
96%
Finland
96%
Georgia
96%
Kazakhstan
96%
Mongolia
96%
North Korea
96%
Norway
96%
Poland
96%
Ukraine
96%
Azerbaijan
92%
Lithuania
92%
No matching quizzes found
Score Distribution
Percent of People with Each Score
Percentile by Number Answered
Your Score History
You have not taken this quiz